000 00779cab a2200229 4500
001 WB3422-42
008 090401t1998 xxu||||| |||| 00| 0 eng d
035 _a(Sirsi) u86717
041 _aeng
245 _aMerger talks split firm
260 _c1998
350 _a0
490 _aSunday Business
_v7 June 1998, 5(1)
520 _aA row has blown up between salaried partners and senior management at Healey & Baker as angry staff claim a proposed merger with US associate Cushman & Wakefield would exclude them from most of the benefits.
650 _aABOUT RICS-RICS MEMBERS
650 _aCUSHMAN & WAKEFIELD
650 _aHEALEY & BAKER
650 _aMERGER
690 _aMANAGEMENT-BUSINESS MANAGEMENT-PROFESSIONAL PRACTICE
942 _n0
948 _c09/06/1998
999 _c54607
_d54607